000 00698nam a2200265 a 4500
999 _c2892
_d2892
006 a||||gr|||| 001 0
007 ta
008 191028t2003 xxkad||gr|||| 001 0 eng d
020 _a9780470858769
_c$ 87.95
040 _aKO
_beng
041 0 _aeng
044 _axxk
082 0 4 _223
_a658.787
_bW315
100 1 _aWaters, Donald
245 1 0 _aInventory Control and Management /
_cDonald Waters
250 _a2nd ed.
260 _aEngland :
_bJohn Wiley & Sons Ltd.,
_c2003
300 _axiv, 391 p. :
_bill. ;
_c23 cm.
504 _aIncludes bibliographical references.
650 0 _aInventory control
_vTextbooks
904 _aRUDRA_R
905 _aR_RANJAN
942 _cBK